| 000 | 00471nam a2200181Ia 4500 | ||
|---|---|---|---|
| 003 | GCL | ||
| 008 | 140319s9999 xx 000 0 ara d | ||
| 040 |
_aGCL / _cGCL |
||
| 082 | 0 | 4 |
_a239.4 _bا ج |
| 100 | 1 | _aاحمد الشرباصى | |
| 245 | 1 | 0 |
_aحدث فى رمضان / _cاحمد الشرباصى |
| 300 | _a49 ص | ||
| 490 | _a | ||
| 650 | 0 | 4 | _aشهر رمضان |
| 650 | 0 | 4 | _aغزوة بدر |
| 650 | 0 | 4 | _aالغزوات الاسلامية |
| 942 |
_2ddc _cBK |
||
| 999 |
_c39594 _d39594 |
||